Modul pre simulačné prostredie na testovanie kybernetickej obrany

Saved in:
Bibliographic Details
Main Author: Šváb, Martin (Author)
Other Authors: Helebrandt, Pavol (Thesis advisor)
Format: Manuscript Book
Language:Slovak
Published: 2022
Subjects:
Online Access:http://is.stuba.sk/zp/portal_zp.pl?podrobnosti=155186
Tags: Add Tag
No Tags, Be the first to tag this record!

MARC

LEADER 00000ntm a22000003a 4500
001 stuzp88107
003 SK-STU
005 20220625211054.7
007 ta
008 150427s2015----xo-----f-mn---000-0-slo-d
040 |a STU  |b slo 
041 0 |a slo 
100 1 |a Šváb, Martin  |u 070400  |4 aut  |U FIIT Fakulta informatiky a informačných technológií  |T FIIT Ústav počítačového inžinierstva a aplikovanej informatiky  |X 103154  |U I400  |Y 672  |7 103154 
242 0 1 |a Module for a cyber defense testing environment  |y eng 
245 1 0 |a Modul pre simulačné prostredie na testovanie kybernetickej obrany 
260 |c 2022 
650 4 |a DDOS  |2 slo 
650 4 |a KYPO  |2 slo 
650 4 |a kybernetická bezpečnosť  |2 slo 
650 4 |a KYPO  |2 eng 
650 4 |a cyber security  |2 eng 
650 4 |a DDOS  |2 eng 
700 1 |a Helebrandt, Pavol  |u 070400  |k Z1  |4 ths  |U FIIT Fakulta informatiky a informačných technológií  |T FIIT Ústav počítačového inžinierstva a aplikovanej informatiky  |X 35267  |U I400  |Y 672  |7 35267 
856 4 |u http://is.stuba.sk/zp/portal_zp.pl?podrobnosti=155186